Central Library OPAC University of Rajshahi

The journal of James Yonge : (Record no. 23880)

MARC details
000 -LEADER
fixed length control field 00837cam a22002651 4500
001 - CONTROL NUMBER
control field 23880
003 - CONTROL NUMBER IDENTIFIER
rucl marc code BD-RjUL
005 - DATE AND TIME OF LATEST TRANSACTION
control field 20211209001001.0
008 - FIXED-LENGTH DATA ELEMENTS--GENERAL INFORMATION
fixed length control field 140312s1963 ctua b 001 0aeng d
035 ## - SYSTEM CONTROL NUMBER
System control number (BD-RjUL) 23945
040 ## - CATALOGING SOURCE
Original cataloging agency DLC/ICU
Transcribing agency ICU
Modifying agency BD-RjUL
Language of cataloging eng
041 ## - LANGUAGE CODE
Language code of text/sound track or separate title eng
082 00 - DEWEY DECIMAL CLASSIFICATION NUMBER
Classification number 926.1
Author mark and year YOJ 1963
100 1# - MAIN ENTRY--PERSONAL NAME
Personal name Yonge, James,
Dates associated with a name 1647-1721.
9 (RLIN) 73532
245 04 - TITLE STATEMENT
Title The journal of James Yonge :
Remainder of title 1647-1721, Plymouth surgeon /
Statement of responsibility, etc. Edited by F.N.L. Poynter.
260 ## - PUBLICATION, DISTRIBUTION, ETC. (IMPRINT)
Place of publication, distribution, etc. Hamden, Conn. :
Name of publisher, distributor, etc. Archon Books,
-- Longmans.
Date of publication, distribution, etc. 1963.
300 ## - PHYSICAL DESCRIPTION
Pagination 247 p. :
Illustrations illus. ;
Size 22 cm.
504 ## - BIBLIOGRAPHY, ETC. NOTE
Bibliography, etc Includes index and Bibliography.
600 10 - SUBJECT ADDED ENTRY--PERSONAL NAME
Personal name Yonge, James,
Dates associated with a name 1647-1721
General subdivision Diaries.
650 #0 - SUBJECT ADDED ENTRY--TOPICAL TERM
Topical term or geographic name as entry element Surgeons
General subdivision Diaries.
9 (RLIN) 73534
700 ## - ADDED ENTRY--PERSONAL NAME
Personal name F.N.L. Poynter.
942 ## - ADDED ENTRY ELEMENTS (KOHA)
Source of classification or shelving scheme Dewey Decimal Classification
Koha item type Books
Holdings
Lost status Source of classification or shelving scheme Damaged status Not for loan Collection code Permanent Location Current Location Shelving location Date acquired Source of acquisition Cost, normal purchase price Total Checkouts Full call number Date last seen Copy number Koha item type
  Dewey Decimal Classification   Added to bundle Non-fiction Central Library, University of Rajshahi Central Library, University of Rajshahi Reading Room 12/06/1969 Zeitlinger 40.00   926.1 YOJ 1963 12/03/2014 C-1 Books